Podpora rozvoja rastu firmy a konkurencieschopnosti prostredníctvom riadenia inovácií
Enregistré dans:
| Auteur principal: | |
|---|---|
| Format: | Chapitre de livre |
| Tags: |
Pas de tags, Soyez le premier à ajouter un tag!
|
MARC
| LEADER | 00000naa$a2200000$$$4500 | ||
|---|---|---|---|
| 001 | 0253541 | ||
| 005 | 20240502074048.2 | ||
| 044 | |a SK | ||
| 245 | 1 | 0 | |a Podpora rozvoja rastu firmy a konkurencieschopnosti prostredníctvom riadenia inovácií |c Peter Kopkáš |
| 500 | |a Prezentácia | ||
| 100 | 1 | |a Kopkáš, Peter | |